<?xml version="1.0" encoding="UTF-8"?>
<collection xmlns="http://www.loc.gov/MARC21/slim">
 <record>
  <leader>01778nam a2200217Ia 4500</leader>
  <controlfield tag="001">CTU_239116</controlfield>
  <controlfield tag="008">210402s9999    xx            000 0 und d</controlfield>
  <datafield tag="082" ind1=" " ind2=" ">
   <subfield code="a">338.16</subfield>
  </datafield>
  <datafield tag="082" ind1=" " ind2=" ">
   <subfield code="b">Th404</subfield>
  </datafield>
  <datafield tag="088" ind1=" " ind2=" ">
   <subfield code="a">8620116</subfield>
  </datafield>
  <datafield tag="100" ind1=" " ind2=" ">
   <subfield code="a">Nguyễn, Trương Hữu Thoại</subfield>
  </datafield>
  <datafield tag="245" ind1=" " ind2="0">
   <subfield code="a">So sánh hiệu quả tài chính của mô hình trồng bưởi truyền thống và bưởi thâm canh tại huyện Kế Sách, tỉnh Sóc Trăng :</subfield>
  </datafield>
  <datafield tag="245" ind1=" " ind2="0">
   <subfield code="b">Luận văn tốt nghiệp Cao học ngành: Phát triển Nông thôn</subfield>
  </datafield>
  <datafield tag="245" ind1=" " ind2="0">
   <subfield code="c">Nguyễn Trương Hữu Thoại ; Nguyễn Kim Quyên (cán bộ hướng dẫn )</subfield>
  </datafield>
  <datafield tag="260" ind1=" " ind2=" ">
   <subfield code="a">Cần Thơ</subfield>
  </datafield>
  <datafield tag="260" ind1=" " ind2=" ">
   <subfield code="b">Trường Đại học Cần Thơ</subfield>
  </datafield>
  <datafield tag="260" ind1=" " ind2=" ">
   <subfield code="c">2020</subfield>
  </datafield>
  <datafield tag="520" ind1=" " ind2=" ">
   <subfield code="a">Đề tài &quot;So sánh hiệu quả tài chính của mô hình trồng bưởi truyền thống và bưởi thâm canh tại huyện Kế Sách, tỉnh Sóc Trăng&quot; nhằm so sánh hiệu quả tài chính giữa hai mô hình và các yếu tố ảnh hưởng đến mô hình, từ đó đề xuất các giải phát phát triển kinh tế cho nông hộ. Số liệu thu nhập từ 30 hộ trồng truyền thống và 30 hộ trồng thâm canh. Kết quả T-test cho thấy hiệu quả đồng vốn ở mô hình truyèn thống là 3,67 và thâm canh là 2,87. Phân tích hồi quy cho thấy tuổi, kinh nghiệm, tập huấn và giá bán ảnh hưởng đến mô hình.</subfield>
  </datafield>
  <datafield tag="650" ind1=" " ind2=" ">
   <subfield code="a">Agriculture,Nông nghiệp</subfield>
  </datafield>
  <datafield tag="650" ind1=" " ind2=" ">
   <subfield code="x">Economic aspects,Khía cạnh kinh tế</subfield>
  </datafield>
  <datafield tag="980" ind1=" " ind2=" ">
   <subfield code="a">Trung tâm Học liệu Trường Đại học Cần Thơ</subfield>
  </datafield>
 </record>
</collection>
